00559nam a22001577a 4500003000400000005001700004008004100021010001500062020002600077040000900103050002700112100003200139245008900171260009300260300004800353OSt20240606140250.0240606b xxu||||| |||| 00| 0 eng d a2015939764 a 9780448484075 (pbk.) c DLC a D756.5.N6b D458 2015 a Demuth, Patriciae author. aWhat was D-Day? c by Patricia Brennan Demuth ; illustrated by David Grayson Kenyon. aNew York, New York : bGrosset & Dunlap, an imprint of Penguin Group (USA) LLC c [2015] a107 pages : billustrations, maps ;c 20 cm